All of Slipknot - Statistics

General Stats
  • This quiz has been taken 229 times
    13 since last reset
  • The average score is 50 of 129
Answer Stats
Hint Answer % Correct
Vol. 3: The Subliminal Verses Before I Forget
100%
Iowa Left Behind
100%
Slipknot Liberate
100%
Iowa People = Sh*t
100%
All Hope is Gone Psychosocial
100%
Slipknot (sic)
100%
All Hope is Gone Snuff
100%
Slipknot Surfacing
100%
Vol. 3: The Subliminal Verses The Blister Exists
100%
Slipknot Wait and Bleed
100%
All Hope is Gone All Hope Is Gone
67%
Vol. 3: The Subliminal Verses Circle
67%
.5: The Gray Chapter Custer
67%
All Hope is Gone Dead Memories
67%
Slipknot Diluted
67%
Iowa Disasterpiece
67%
Vol. 3: The Subliminal Verses Duality
67%
Slipknot Eeyore
67%
Slipknot Eyeless
67%
Iowa Iowa
67%
.5: The Gray Chapter Killpop
67%
Iowa My Plague
67%
We Are Not Your Kind Nero Forte
67%
Vol. 3: The Subliminal Verses Opium of The People
67%
Slipknot Prosthetics
67%
Vol. 3: The Subliminal Verses Pulse of the Maggots
67%
Slipknot Scissors
67%
Vol. 3: The Subliminal Verses Scream
67%
We Are Not Your Kind Solway Firth
67%
We Are Not Your Kind Spiders
67%
Slipknot Spit it Out
67%
All Hope is Gone Sulfur
67%
.5: The Gray Chapter The Devil in I
67%
Iowa The Heretic Anthem
67%
Vol. 3: The Subliminal Verses The Nameless
67%
Vol. 3: The Subliminal Verses Vermilion
67%
Vol. 3: The Subliminal Verses Welcome
67%
Iowa (515)
33%
Slipknot 742617000027
33%
The End, So Far Adderall
33%
Adderall Adderall (Instrumental)
33%
Adderall Adderall (No Intro)
33%
2018 Single All Out Life
33%
.5: The Gray Chapter AOV
33%
.5: The Gray Chapter Be Prepared For Hell
33%
We Are Not Your Kind Birth of The Cruel
33%
All Hope is Gone Butcher's Hook
33%
All Hope is Gone Child of Burning Time
33%
Mate. Feed. Kill. Repeat. Confessions
33%
Vol. 3: The Subliminal Verses Danger, Keep Away
33%
Slipknot 10th Anniversary Edition Despise
33%
Mate. Feed. Kill. Repeat. Do Nothing/Bitchslap
33%
Vol. 3: The Subliminal Verses Don't Get Close
33%
Iowa Everything Ends
33%
All Hope is Gone .execute
33%
Slipknot Frail Limb Nursery
33%
1995 Demo Fur
33%
All Hope is Gone Gehenna
33%
All Hope is Gone Gematria (The Killing Name)
33%
Iowa Gently
33%
Mate. Feed. Kill. Repeat. Gently (Original Version)
33%
Slipknot 10th Anniversary Edition Get This
33%
.5: The Gray Chapter Goodbye
33%
The End, So Far H377
33%
Iowa I Am Hated
33%
.5: The Gray Chapter If Rain is What You Want
33%
Slipknot 10th Anniversary Edition Interloper
33%
Mate. Feed. Kill. Repeat. Killers Are Quiet
33%
.5: The Gray Chapter Lech
33%
Slipknot 10th Anniversary Edition Me Inside
33%
Iowa Metabolic
33%
Iowa New Abortion
33%
Slipknot No Life
33%
.5: The Gray Chapter Nomadic
33%
Slipknot Only One
33%
Mate. Feed. Kill. Repeat. Only One (Original Version)
33%
.5: The Gray Chapter Override
33%
1995 Demo Part of Me
33%
Vol. 3: The Subliminal Verses Prelude 3.0
33%
Slipknot Purity
33%
.5: The Gray Chapter Sarcastrophe
33%
.5: The Gray Chapter Skeptic
33%
Iowa Skin Ticket
33%
Mate. Feed. Kill. Repeat. Slipknot
33%
1995 Demo | Mate. Feed. Kill. Repeat. Some Feel
33%
Slipknot Tattered & Torn
33%
.5: The Gray Chapter The Burden
33%
The End, So Far The Chapeltown Rag
33%
The End, So Far The Dying Song (Time to Sing)
33%
.5: The Gray Chapter The Negative One
33%
.5: The Gray Chapter The One That Kills the Least
33%
Iowa The Shape
33%
Vol. 3: The Subliminal Verses The Virus of Life
33%
All Hope is Gone This Cold Black
33%
Vol. 3: The Subliminal Verses Three Nil
33%
All Hope is Gone Til We Die
33%
We Are Not Your Kind Unsainted
33%
All Hope is Gone Vendetta
33%
Vol. 3: The Subliminal Verses Vermilion Pt. 2
33%
All Hope is Gone Vermilion Pt. 2 - Bloodstone Mix
33%
All Hope is Gone Wherein Lies Continue
33%
.5: The Gray Chapter XIX
33%
The End, So Far Yen
33%
The End, So Far Acidic
0%
We Are Not Your Kind A Liar's Funeral
0%
2023 Single Bone Church
0%
We Are Not Your Kind Critical Darling
0%
We Are Not Your Kind Death Because of Death
0%
Adderall Death March
0%
The End, So Far De Sade
0%
Mate. Feed. Kill. Repeat. Dogfish Rising
0%
The End, So Far Finale
0%
Adderall Hard To Be Here
0%
The End, So Far Heirloom
0%
The End, So Far Hivemind
0%
We Are Not Your Kind Insert Coin
0%
The End, So Far Medicine for the Dead
0%
Adderall Memories
0%
We Are Not Your Kind My Pain
0%
We Are Not Your Kind Not Long For This World
0%
We Are Not Your Kind Orphan
0%
We Are Not Your Kind Red Flag
0%
Adderall Red or Redder
0%
Slipknot 10th Anniversary Edition Snap
0%
1995 Demo | Mate. Feed. Kill. Repeat. Tattered & Torn (Original Version)
0%
The End, So Far Warranty
0%
We Are Not Your Kind What's Next
0%
No matching quizzes found
Score Distribution
Percent of People with Each Score
Percentile by Number Answered
Your Score History
You have not taken this quiz since the last reset